| 000 | 00597nam a2200229 a 4500 | ||
|---|---|---|---|
| 001 | nice12345678 | ||
| 003 | IN_TiNIC | ||
| 005 | 20260116013122.0 | ||
| 008 | 050524s1992 lona grp 000 0 eng | ||
| 020 |
_a0712614 _c269.5 |
||
| 082 | 0 | 0 |
_a302 _bRAM |
| 100 | _aRam, Dass | ||
| 245 |
_aCompassion in Action _b Social and Spisritual Growth and Healing on the Path |
||
| 260 |
_aLondon _bRider _c1992 |
||
| 300 | _a301p | ||
| 500 | _aincludes index and biblioraphy | ||
| 505 | 2 | _aIndex | |
| 650 | _aSociology-Social Interaction | ||
| 902 | _bSRS | ||
| 942 | _cBK | ||
| 999 |
_c9727 _d9727 |
||